| 000 | 00677nam a2200217 a 4500 | ||
|---|---|---|---|
| 005 | 20241127063729.0 | ||
| 008 | 991125s1988 mx 000 0 spa u | ||
| 035 | _aUPN01000001807 | ||
| 049 | _aCG | ||
| 050 | 4 |
_aLB1195 _aA9.2 |
|
| 100 | 1 | _aAvilez Sánchez, Martha Patricia | |
| 245 | 1 | 0 |
_aAlimentación y educación preescolar / _cMartha Patricia Avilez Sánchez, Araceli López Aguirre. |
| 260 |
_aMexicali : _bM. P. Avilez Sánchez, _c1988. |
||
| 300 | _a83 h. | ||
| 650 | 7 |
_aHábitos alimenticios _2 _91358 |
|
| 650 | 4 |
_aDesnutrición _98614 |
|
| 650 | 4 |
_aNiños _xNutrición _95247 |
|
| 700 | 1 |
_aLópez Aguirre, Araceli, _ecoaut. |
|
| 905 | _aTesis | ||
| 999 |
_c1807 _d1807 |
||